| 000 | nam a22 a 4500 | ||
|---|---|---|---|
| 999 |
_c347372 _d347372 |
||
| 003 | BLK | ||
| 005 | 20191217150704.0 | ||
| 008 | 191217b bu ||||| |||| 00| 0 bu d | ||
| 020 | _a9789542720577 | ||
| 040 | _aBLK | ||
| 041 |
_aBUL _cBUL |
||
| 080 |
_aАмериканска литература (на САЩ) _b821.111(73) _x-93-34 _z821.111(73)-93-34 |
||
| 139 |
_aДъмбо _bД 95 |
||
| 245 |
_aДъмбо _cПрев. от англ. ез. |
||
| 260 |
_9209434 _aСофия _bЕгмонт България _c2019 _f(София : Лито Балкан) _n978-954-27- ; 954-446- |
||
| 300 |
_a64 с. : с цв. ил. _c23 см |
||
| 380 | _aDX | ||
| 490 |
_9205392 _aЕгмонт Чародейства |
||
| 500 | _aОриг. загл.: Dumbo. - Изд. на Disney. | ||
| 942 |
_2udc _cKNG _n0 _s1 |
||